00339nam a2200121Ia 4500008004100000100004000041245003700081260004300118300001000161650002400171942000700195999001500202190216s9999||||xx |||||||||||||| ||und|| aAnil Kumar De & Arnab Kumar De 0aInorganic Chemistry And Analysis bNew Age International Publishersc1996 a 362p aInorganic Chemistry cBK c3063d3063